Movies of all time - Filmy wszechczasów - Statystyki

Ogólne statystyki
  • Ten quiz został rozwiązany 5 670 razy
    5 435 od ostatniego zresetowania
  • Średni wynik to 12 z 25
Statystyki odpowiedzi
Hint Odpowiedź % Poprawnych
2. The Godfather 1972 Italy, USA Vito Corleone and all clear
91%
22. The Pianist 2002 Poland, France, UK, Germany Oscar for Roman Polanski
70%
4. Forrest Gump 1994 USA Who played table tennis and was in Vietnam?
65%
10. The Silence of the Lambs 1991 USA Jodie Foster and Anthony Hopkins
65%
3. Intouchables 2011 France Paralyzed millionaire befriends a boy from the suburbs
56%
6. One Flew Over the Cuckoo's Nest 1975 USA Jack Nicholson in psychiatric hospital
56%
23. Léon 1994 France A professional assassin rescues a teenage girl
55%
12. Schindler's List 1993 USA A film about the man who saved the lives of many Jews
54%
21. The Lion King 1994 USA The only animated film here; Music: Hans Zimmer and Elton John
53%
5. The Green Mile 1999 USA Another adaptation of King's serial novel
52%
1. The Shawshank Redemption 1994 USA Adaptation of Stephen King's story
52%
20. A Beautiful Mind 2001 USA A biography of John Nash the mathematical genius
47%
17. Scarface 1983 USA Al Pacino as Tony Montana
47%
11. Se7en 1995 USA Gluttony, greed, sloth, envy, wrath, pride, lust
47%
7. 12 Angry Men 1957 USA Only 3 minutes of the film are happening outside the jury room
44%
19. Inception 2010 USA, UK director: Christopher Nolan; 4 Oscars
41%
16. Fight Club 1999 USA, Germany Soap on the poster; "Where is my mind?"
40%
14. Goodfellas 1990 USA Robert de Niro, Ray Liotta, Joe Pesci
40%
9. Pulp Fiction 1994 USA "Well, there's this passage I've got memorized, sorta fits the occasion. Ezekiel 25:17? "The path of the righteous man is beset on all sides by the iniquities of the selfish and the tyranny of evil men"
40%
8. The Godfather: Part II 1974 USA, Italy Theme of growing up in Sicily and move to NY
35%
13. La Vita è bella (Life is beautiful) 1997 Italy Roberto Benigni as director, screenwriter and actor
30%
15. The Lord of the Rings: The Return of the King 2003 USA, New Zealand Number 6 in highest-grossing films
29%
18. The Lord of the Rings: The Two Towers 2002 USA, New Zealand Music by Howard Shore
26%
25. Saving Private Ryan 1998 USA director: Steven Spielberg; Matt Damon plays the title role
24%
24. American History X 1998 USA Banned in Malaysia (with Edward Norton)
17%
Nie znaleziono quizów pasujących do podanych kryteriów
Rozkład punktacji
Procent ludzi z każdym wynikiem
Percentyl według liczby udzielonych odpowiedzi
Twoja historia wyników
Nie rozwiązałeś tego quizu od ostatniego zresetowania